| 000 | 00431nam a2200169 a 4500 | ||
|---|---|---|---|
| 001 | 29586 | ||
| 005 | 20180713232645.0 | ||
| 008 | 140415d 000 0 spa d | ||
| 020 | _a9701001885 | ||
| 041 | _aspa | ||
| 082 | _a800 | ||
| 100 | 1 | _aFERNANDEZ CONTRERAS, ROSALBA | |
| 245 | 1 | 0 | _aLITERATURA DE MÉXICO E IBEROAMERICA |
| 250 | _a1a ed. | ||
| 260 |
_a[s.l.] : _bMC GRAW HILL, _c[s.f.] |
||
| 520 | _aCG | ||
| 999 |
_c29586 _d29586 |
||